| 000 -LEADER |
| fixed length control field |
00800nam a2200241Ia 4500 |
| 001 - CONTROL NUMBER |
| control field |
1939 |
| 003 - CONTROL NUMBER IDENTIFIER |
| control field |
GE_BSU |
| 005 - DATE AND TIME OF LATEST TRANSACTION |
| control field |
20221011105458.0 |
| 008 - FIXED-LENGTH DATA ELEMENTS--GENERAL INFORMATION |
| fixed length control field |
181216s2007ru xx |||||||||||||| ||rus|| |
| 020 ## - INTERNATIONAL STANDARD BOOK NUMBER |
| International Standard Book Number |
8785468000434 |
| 040 ## - CATALOGING SOURCE |
| Transcribing agency |
GE_BSU |
| 041 ## - LANGUAGE CODE |
| Language code of text/sound track or separate title |
rus |
| 080 ## - UNIVERSAL DECIMAL CLASSIFICATION NUMBER |
| Universal Decimal Classification number |
349.2(075.8) Н-53 |
| 100 ## - MAIN ENTRY--PERSONAL NAME |
| Personal name |
Никонов, Д.А. |
| 9 (RLIN) |
15222 |
| 245 ## - TITLE STATEMENT |
| Title |
Тудовое право : |
| Remainder of title |
Учебно-методический коплекс / |
| Statement of responsibility, etc. |
Д.А. Никонов, А. В. Стремоухов |
| 264 ## - PRODUCTION, PUBLICATION, DISTRIBUTION, MANUFACTURE, AND COPYRIGHT NOTICE |
| Place of production, publication, distribution, manufacture |
Москва : |
| Name of producer, publisher, distributor, manufacturer |
Норма. |
| Date of production, publication, distribution, manufacture, or copyright notice |
2007. |
| 300 ## - PHYSICAL DESCRIPTION |
| Extent |
431 с.: |
| Other physical details |
21 см. |
| 653 ## - INDEX TERM--UNCONTROLLED |
| keyword |
Трудовое право. |
| 653 ## - INDEX TERM--UNCONTROLLED |
| keyword |
Შრომის სამართალი |
| 653 ## - INDEX TERM--UNCONTROLLED |
| keyword |
სამართალი |
| 700 ## - ADDED ENTRY--PERSONAL NAME |
| Personal name |
Стремоухов, А. В. |
| 9 (RLIN) |
15223 |
| 942 ## - ADDED ENTRY ELEMENTS (KOHA) |
| Koha item type |
წიგნი |
| Source of classification or shelving scheme |
|